000 00431nam a2200205Ia 4500
001 002391
003 YMCAF
005 20230512160139.0
008 100717s1971 ||||||||||||||||| ||und|d
024 _a2391
035 _a2371
040 _aYMCAF
_beng
_cIN-KoLT
041 _aeng
082 _a621.56
_bGOL
100 _aGOLIBER PAWL
245 0 _aREFRIGERATION SERVISIM
260 _c1971
300 _a104
942 _2ddc
_cBK
999 _c1937
_d1937